5HLuxD.jpg

KING HENRY VIII SENIOR AND PRIMARY SCHOOL LIBRARY OPAC

Tintin and the Picaros (Record no. 2193)

000 -LEADER
fixed length control field 00771nam a22002417a 4500
005 - DATE AND TIME OF LATEST TRANSACTION
control field 20230327094424.0
008 - FIXED-LENGTH DATA ELEMENTS--GENERAL INFORMATION
fixed length control field 230327b ||||| |||| 00| 0 eng d
020 ## - INTERNATIONAL STANDARD BOOK NUMBER
International Standard Book Number 9780316358491
040 ## - CATALOGING SOURCE
Transcribing agency KH8
082 ## - DEWEY DECIMAL CLASSIFICATION NUMBER
Classification number 741.59493 HER
100 ## - MAIN ENTRY--PERSONAL NAME
Personal name Herge
Relator term author
245 ## - TITLE STATEMENT
Title Tintin and the Picaros
Statement of responsibility, etc. Herge
Medium Book
260 ## - PUBLICATION, DISTRIBUTION, ETC.
Place of publication, distribution, etc. NEW YORK
Name of publisher, distributor, etc. LITTLE, BROWN AND Company
Date of publication, distribution, etc. 1978
300 ## - PHYSICAL DESCRIPTION
Extent 62 pages :
Other physical details color illustrations
440 ## - SERIES STATEMENT/ADDED ENTRY--TITLE
Title The Adventure of Tintin
500 ## - GENERAL NOTE
General note Originally published: Great Britain : Methuen Children's Books, 1976
521 ## - TARGET AUDIENCE NOTE
Target audience note Graphic novel
546 ## - LANGUAGE NOTE
Language note Translated from the French
650 ## - SUBJECT ADDED ENTRY--TOPICAL TERM
Topical term or geographic name entry element Adventure and adventurers Fiction
650 ## - SUBJECT ADDED ENTRY--TOPICAL TERM
Topical term or geographic name entry element Caricatures and cartoons
650 ## - SUBJECT ADDED ENTRY--TOPICAL TERM
Topical term or geographic name entry element Caricatures et dessins humoristiques
942 ## - ADDED ENTRY ELEMENTS (KOHA)
Source of classification or shelving scheme
Koha item type Graphic Novel
Holdings
Withdrawn status Lost status Source of classification or shelving scheme Damaged status Not for loan Collection code Permanent Location Current Location Shelving location Date acquired Total Checkouts Full call number Barcode Date last seen Date last checked out Price effective from Koha item type
          Non-Fiction KH8 Primary School Library KH8 Primary School Library Non Fiction 2023-03-27 19 741.59493 HER KHPL000003930 2025-12-05 2025-05-15 2023-03-27 Graphic Novel

Powered By KH8 IT Dept